Očakávame pozitívne trendy vývoja

Aktualizácia prognózy makroekonomického vývoja na Slovensku do roku 2008. Pozitívne smerovanie v hlavných oblastiach vývoja. Vonkajšie prostredie - otvorenosť slovenskej ekonomiky. Domáce podmienky pre budúci rast ekonomiky Slovenska. Súčasné trendy.

Salvato in:
Dettagli Bibliografici
Natura: Capitolo di libro
Lingua:slovacco
Soggetti:
Tags: Aggiungi Tag
Nessun Tag, puoi essere il primo ad aggiungerne!!

MARC

LEADER 00000naa$a2200000$$$4500
001 0027707
005 20231016084044.8
041 0 |a slo 
044 |a SK 
245 1 0 |a Očakávame pozitívne trendy vývoja 
520 |a Aktualizácia prognózy makroekonomického vývoja na Slovensku do roku 2008. Pozitívne smerovanie v hlavných oblastiach vývoja. Vonkajšie prostredie - otvorenosť slovenskej ekonomiky. Domáce podmienky pre budúci rast ekonomiky Slovenska. Súčasné trendy. 
610 2 0 |a vývoj hospodársky 
610 2 0 |a prognózy hospodárske 
610 2 0 |a makroekonomika 
610 2 0 |a produkt domáci hrubý 
610 2 0 |a investície priame zahraničné 
610 2 0 |a spolupráca hospodárska medzinárodná 
610 2 0 |a reformy štruktúrne 
610 2 0 |a Slovensko 
610 2 0 |a 2005-2008